00448nam a2200145Ia 4500008004100000020001500041050002000056100003700076245007600113250001800189260003300207300001800240490002500258650001900283120626s1995 mx 000 0 spa d a9684520263 aPT2621.A26bM47 aKafka, Franzd, 1883-1924eautor aLa metamorfosis: El proceso c/ Franz Kafka; prólogo de Milan Kundera a7a. edición aMéxicob: Porrúac, 1995 a218 páginas aSepan cuantosv: 467 0aNOVELA ALEMANA